| 000 | 00653nam a22002177a 4500 | ||
|---|---|---|---|
| 003 | UA-OsUOA | ||
| 001 | 60146 | ||
| 007 | ta | ||
| 008 | 20090507b un ||||| |||| 00| 0 ukr d | ||
| 100 | _aКоць Т.А. | ||
| 090 |
_a81 _bК75 |
||
| 942 | _cSA | ||
| 040 |
_aUA-OsUOA _bukr _cUA-OsUOA _dUA-OsUOA |
||
| 245 | _aДО проблеми лексичої норми сучасої української літературної мови | ||
| 300 | _aС. 70-76 | ||
| 955 | _a0 | ||
| 041 | _aukr | ||
| 080 | _a81 | ||
| 773 | 0 | _w60145 | |
| 650 | 7 |
_a8 Мовознавство. Художня література. Літературознавство _2UDC |
|
| 999 |
_c346336 _d346336 |
||